| 000 -LEADER |
| fixed length control field |
00311nam a2200097Ia 4500 |
| 008 - FIXED-LENGTH DATA ELEMENTS--GENERAL INFORMATION |
| fixed length control field |
210107s9999 xx 000 0 und d |
| 100 ## - MAIN ENTRY--PERSONAL NAME |
| Personal name |
Cairncross, Frances |
| 245 #4 - TITLE STATEMENT |
| Title |
The company of the future: meeting the management challenges of the communications revolution |
| 260 ## - PUBLICATION, DISTRIBUTION, ETC. |
| Place of publication, distribution, etc. |
London |
| Name of publisher, distributor, etc. |
Profile books |
| 942 ## - ADDED ENTRY ELEMENTS (KOHA) |
| Koha item type |
Books |